|
|
|
|
| LEADER |
00000nam a22000007a 4500 |
| 008 |
240717b |||||||| |||| 00| 0 eng d |
| 020 |
|
|
|a 9780367895099
|
| 245 |
|
|
|a Handbook of tissue optical clearing
|b : new prospects in optical imaging
|c / edited by Valery Tuchin, Zhu Dan and Elina A. Genina.
|g xxiv,658p
|
| 250 |
|
|
|c Tuchin, V. V.
|
| 250 |
|
|
|c Dan, Zhu
|
| 250 |
|
|
|c Genina, Elina A
|
| 260 |
|
|
|b CRC Press
|c 2022
|h Boca Raton, FL
|i 702554
|i 7702555
|l QP88.H19
|m Tissues--Imaging.
|m Tissues--Optical properties
|m . Imaging systems in medicine.
|
| 500 |
|
|
|a Includes bibliographical references and index
|
| 942 |
|
|
|a lcc
|c BK
|e Johnson
|f 17/07/24
|
| 952 |
|
|
|0 0
|1 0
|2 lcc
|4 0
|6 QP0088 H19
|7 0
|9 5406
|a RF
|b HOL
|c QZ
|d 2024-07-17
|l 0
|o QP88.H19
|p 2024-0647
|r 2024-07-17 00:00:00
|t 702555
|w 2024-07-17
|y BK
|
| 952 |
|
|
|0 0
|1 0
|2 lcc
|4 0
|6 QP0088 H19
|7 0
|9 5407
|a RF
|b HOL
|c QZ
|d 2024-07-17
|l 0
|o QP88.H19
|p 2024-0648
|r 2024-07-17 00:00:00
|t 702556
|w 2024-07-17
|y BK
|
| 999 |
|
|
|c 2674
|d 2674
|